000 00283nam a22001337a 4500
008 170928b xxu||||| |||| 00| 0 eng d
020 _a0026756900
041 _aeng
080 _22ND
_a37
100 _a47
101 _aEDU
245 _aCAREER SKILLS
_cPLATE,J,K
942 _2udc
_cBK
999 _c30431
_d30431